000 00480nam a22001817a 4500
003 OSt
005 20140310182509.0
008 130125t xxu||||| |||| 00| 0 eng d
020 _a9780230241862
050 _aRS 355
_b.V899 2010
100 _aGlyn Volans
_98950
245 _aDrugs handbook 2010 :
_cGlyn Volans and Heather Wiseman
260 _aNew York:
_bPalgrave ,
_cc2010.
300 _a196 p.
_c22 cm.
650 _aDrugs
_98597
942 _2lcc
_cSSLC
999 _c13882
_d13882